000 00566nam a22002417a 4500
003 UA-OsUOA
001 26694
007 ta
008 20040608b un ||||| |||| 00| 0 ukr d
100 _aСорока Петро
090 _a82.09
_bС65
942 _cBK
040 _aUA-OsUOA
_brus
_cUA-OsUOA
_dUA-OsUOA
245 _aЗоя Когут
300 _a108 с.
_bІлюстрації
955 _a0
041 _arus
080 _a82.09
260 _aТернопіль
_bАндеграунд
_c1997
044 _aUA
650 7 _2UDC
999 _c313022
_d313022